Matemática 1 /
Guardado en:
| Autor Principal: | |
|---|---|
| Formato: | Libro |
| Publicado: |
Buenos Aires :
Magisterio de Rio de la Plata,
1987
|
| Edición: | 2a. ed. |
| Materias: | |
| Etiquetas: |
Agregar Etiqueta
Sin Etiquetas, Sea el primero en etiquetar este registro!
|
| LEADER | 01268nam a22002175a 4500 | ||
|---|---|---|---|
| 001 | CEM.cems006437 | ||
| 005 | 20060214000000.0 | ||
| 008 | 130507s1987##################000#0#####d | ||
| 003 | CEMS | ||
| 082 | 0 | 4 | |a 510 |
| 100 | 1 | |a Varela, Leopoldo | |
| 245 | 1 | 0 | |a Matemática 1 / |
| 250 | |a 2a. ed. | ||
| 260 | |a Buenos Aires : |b Magisterio de Rio de la Plata, |c 1987 | ||
| 300 | |a 243 p. | ||
| 505 | 0 | |a Numeros enteros; Las cuatro operaciónes fundamentales con numeros enteros; Numeros raciónales; Operaciónes con numeros raciónales; Fracciónes y numeros decimales; Conversion de fracciónes; Raiz cuadrada aproximada; Magnitudes y cantidades; Sistema metrico decimal; Razones y proporciónes numericas; Magnitudes directa e inversamente proporciónales; Porcentaje e interes simple; Descuento simple; Repartición proporciónal; Sistema monetario argentino; Poligono convexo; Simetria central y axial; Paralelogramos; Concurrencia de las bisectrices, mediatrices y alturas de un triangulo; Circunferencia y circulo; Angulos inscriptos y seminscriptos; Médici,ón de angulos; etc. | |
| 653 | |a Algoritmo de euclides | ||
| 653 | |a Diagrama de flujo | ||
| 653 | |a Matematica | ||
| 653 | |a Matematica 1er. año | ||
| 859 | |a CEMS |b BIB. CEMS - 11 de abril |h 510 |i V425-1a2/I |p 14857.87 |t Ej.1 | ||
